Statistics for FC Barcelona Squad 2019-2020

Click here to take the quiz!

General Stats

  • This quiz has been taken 62 times
  • The average score is 19 of 26

Answer Stats

#PositionNationPlayer% Correct
1GKGermanyMarc-André ter Stegen
98%
4MFCroatiaIvan Rakitić
95%
10FWArgentinaLionel Messi
95%
9FWUruguayLuis Suárez
95%
5MFSpainSergio Busquets
95%
3DFSpainGerard Piqué
93%
11FWFranceOusmane Dembélé
90%
21MFNetherlandsFrenkie de Jong
88%
23DFFranceSamuel Umtiti
88%
18DFSpainJordi Alba
86%
22MFChileArturo Vidal
83%
13GKBrazilNeto
83%
15DFFranceClément Lenglet
81%
2DFPortugalNélson Semedo
79%
17FWFranceAntoine Griezmann
76%
8MFBrazilArthur
76%
20DFSpainSergi Roberto
76%
19FWDenmarkMartin Braithwaite
67%
31FWSpainAnsu Fati
62%
-CoachSpainErnesto Valverde
62%
-CoachSpainQuique Setién
62%
6DFFranceJean-Clair Todibo
40%
24DFSpainJúnior Firpo
36%
16DFSenegalMoussa Wagué
36%
19MFSpainCarles Aleñá
31%
27FWSpainCarles Pérez
21%

Score Distribution

Percentile by Number Answered

Percent of People with Each Score

Your Score History

You have not taken this quiz